|
|
|
|
| LEADER |
00000cam a22000004a 4500 |
| 001 |
musev2_73628 |
| 003 |
MdBmJHUP |
| 005 |
20230905051611.0 |
| 006 |
m o d |
| 007 |
cr||||||||nn|n |
| 008 |
121105s2012 xx o 00 0 eng d |
| 020 |
|
|
|a 9781580467919
|
| 020 |
|
|
|z 9781580464086
|
| 035 |
|
|
|a (OCoLC)1147282458
|
| 040 |
|
|
|a MdBmJHUP
|c MdBmJHUP
|
| 100 |
1 |
|
|a Chakrabarti, Pratik,
|e author.
|
| 245 |
1 |
0 |
|a Bacteriology in British India :
|b Laboratory Medicine and the Tropics
|
| 264 |
|
1 |
|a Woodbridge :
|b Boydell & Brewer,
|c 2012.
|
| 264 |
|
3 |
|a Baltimore, Md. :
|b Project MUSE,
|c 2020
|
| 264 |
|
4 |
|c ©2012.
|
| 300 |
|
|
|a 1 online resource (316 pages):
|b illustrations.
|
| 336 |
|
|
|a text
|b txt
|2 rdacontent
|
| 337 |
|
|
|a computer
|b c
|2 rdamedia
|
| 338 |
|
|
|a online resource
|b cr
|2 rdacarrier
|
| 490 |
0 |
|
|a Rochester Studies in Medical History, 22 ;
|v v. 22
|
| 505 |
0 |
|
|a Frontcover; Contents; List of Illustrations; Acknowledgments; List of Abbreviations; Introduction: Bacteriology in the Tropics; 1. Bacteriology in India: A Moral Paradigm; 2. Moral Geographies of Tropical Bacteriology; 3. Imperial Laboratories and Animal Experiments; 4. "A Land Full of Wild Animals": Snakes, Venoms, and Imperial Antidotes; 5. Pasteurian Paradigm and Vaccine Research in India; 6. Pathogens and Places: Cholera Research in the Tropics; Conclusion; Notes; Bibliography; Index; Backcover.
|
| 520 |
|
|
|a The first book to provide a social and cultural history of bacteriology in colonial India, situating it at the confluence of colonial medical practices, institutionalization, and social movements. It contributes to a wide field of scholarship like imperial and South Asian history, history of science and medicine, sociology of science, and cultural history.
|
| 588 |
|
|
|a Description based on print version record.
|
| 650 |
|
7 |
|a Tropical medicine.
|2 fast
|0 (OCoLC)fst01157469
|
| 650 |
|
7 |
|a Medical bacteriology.
|2 fast
|0 (OCoLC)fst01013746
|
| 650 |
|
7 |
|a MEDICAL
|x History.
|2 bisacsh
|
| 650 |
|
6 |
|a Medecine tropicale
|z Inde
|x Histoire
|y 20e siecle.
|
| 650 |
|
6 |
|a Medecine tropicale
|z Inde
|x Histoire
|y 19e siecle.
|
| 650 |
|
6 |
|a Bacteriologie medicale
|z Inde
|x Histoire
|y 20e siecle.
|
| 650 |
|
6 |
|a Bacteriologie medicale
|z Inde
|x Histoire
|y 19e siecle.
|
| 650 |
|
0 |
|a Tropical medicine
|z India
|x History
|y 20th century.
|
| 650 |
|
0 |
|a Tropical medicine
|z India
|x History
|y 19th century.
|
| 650 |
|
0 |
|a Medical bacteriology
|z India
|x History
|y 20th century.
|
| 650 |
|
0 |
|a Medical bacteriology
|z India
|x History
|y 19th century.
|
| 651 |
|
7 |
|a India.
|2 fast
|0 (OCoLC)fst01210276
|
| 655 |
|
7 |
|a History.
|2 fast
|0 (OCoLC)fst01411628
|
| 655 |
|
7 |
|a Electronic books.
|2 local
|
| 710 |
2 |
|
|a Project Muse.
|e distributor
|
| 830 |
|
0 |
|a Book collections on Project MUSE.
|
| 856 |
4 |
0 |
|z Texto completo
|u https://projectmuse.uam.elogim.com/book/73628/
|
| 945 |
|
|
|a Project MUSE - Custom Collection
|